Normal view
MARC view
- AMPLIFIERS - RADIO FREQUENCY.POWER AMPLIFIERS.RF POWER AMPLIFIERS FOR WIRELESS COMMUNICATIONS
Entry Topical Term
001 - CONTROL NUMBER
- control field: 61445
003 - CONTROL NUMBER IDENTIFIER
- control field: NUST
005 - DATE AND TIME OF LATEST TRANSACTION
- control field: 20210628202744.0
008 - FIXED-LENGTH DATA ELEMENTS
- fixed length control field: 210628|| aca||aabn | a|a d
040 ## - CATALOGING SOURCE
- Original cataloging agency: NUST
- Transcribing agency: NUST
150 ## - HEADING--TOPICAL TERM
- Topical term or geographic name entry element: AMPLIFIERS - RADIO FREQUENCY.POWER AMPLIFIERS.RF POWER AMPLIFIERS FOR WIRELESS COMMUNICATIONS
670 ## - SOURCE DATA FOUND
- Source citation: Work cat.: (NUST): Cripps, Steve C 61444, Rf power amplifiers for wireless communications, 2006
